Inventory of Special Facilities for Highway Research. (Record no. 543156)

000 -LEADER
fixed length control field 00500nam a22001457a 4500
020 ## - INTERNATIONAL STANDARD BOOK NUMBER
International Standard Book Number 00978515
082 ## - DEWEY DECIMAL CLASSIFICATION NUMBER
Classification number 388.107
Author Mark INV
-- D
110 ## - MAIN ENTRY--CORPORATE NAME
Corporate name or jurisdiction name as entry element National Research Council (U.S)
9 (RLIN) 20017
245 ## - TITLE STATEMENT
Title Inventory of Special Facilities for Highway Research.
Statement of responsibility, etc. National Research Council (U.S)
260 ## - PUBLICATION, DISTRIBUTION, ETC.
Place of publication, distribution, etc. Washington D.C :
Name of publisher, distributor, etc. U.S Department of Transportation Federal Administration Highway.
Date of publication, distribution, etc. 1992.
300 ## - PHYSICAL DESCRIPTION
Extent 125 p. :
526 ## - STUDY PROGRAM INFORMATION NOTE
Program name 0
Interest level 0
Reading level 0
Title point value 388_107000000000000_INV
650 ## - SUBJECT ADDED ENTRY--TOPICAL TERM
Topical term or geographic name entry element D
9 (RLIN) 6527
942 ## - ADDED ENTRY ELEMENTS (KOHA)
Source of classification or shelving scheme
Koha item type Book
Holdings
Withdrawn status Lost status Source of classification or shelving scheme Damaged status Not for loan Permanent Location Current Location Date acquired Total Checkouts Full call number Barcode Date last seen Price effective from Koha item type
          Military College of Engineering (MCE) Military College of Engineering (MCE) 03/07/2014   388.107 INV MCE-43001 03/07/2014 03/07/2014 Book
© 2023 Central Library, National University of Sciences and Technology. All Rights Reserved.